00170nam a2200073Ia 4500008004100000100000900041245002000050260002600070190216s9999||||xx |||||||||||||| ||und|| aNull 0aHindi-Ram Rajya bMinistry Of Education